| 000 | 00000nam##2200000za#4500 |
| 001 | 9.655092 |
| 003 | CaOODSP |
| 005 | 20250403105420 |
| 007 | ta |
| 008 | 150407|1992||||xxc||||| f|0| 0 fre|d |
| 040 | |aCaOODSP|bfre |
| 041 | |aeng |
| 041 | |afre |
| 043 | |an-cn--- |
| 086 | 1 |aCS68-512 |
| 245 | 00|aFinances publiques: données historiques, 1965/66-1991/92 / |cpar Statistics Canada. |
| 260 | |aOttawa - Ontario : |bStatistique Canada |c1992. |
| 300 | |a208p. : |bfigures, graphiques, tableaux ; |c28 cm. |
| 546 | |aBilingue |
| 563 | |aCouverture souple |
| 590 | |a92-14|b1992-04-03 |
| 691 | 07|aFinances publiques|2gcpds |
| 691 | 07|aHistoire économique|2gcpds |
| 710 | 2 |aStatistique Canada. |
| 776 | 0#|tPublic finance historical data, 1965/66-1991/92 |w(CaOODSP)9.828342 |
| 791 | |tPublic finance: historical data, 1965/66-1991/92 / |eeng|w(CaOODSP)9.655091 |
| 986 | |aSystème de gestion financière |
| 020 | |a0-660-54872-0 |